| 000 | 00801nam a22002177a 4500 | ||
|---|---|---|---|
| 003 | UA-OsUOA | ||
| 001 | 42778 | ||
| 007 | ta | ||
| 008 | 20090316b un ||||| |||| 00| 0 ukr d | ||
| 090 |
_a82 (477) _bЛ67 |
||
| 942 | _cBK | ||
| 040 |
_aUA-OsUOA _bukr _cUA-OsUOA _dUA-OsUOA |
||
| 245 |
_aЛітературні вечори в Українському Інституті Модерного Мистецтва Чикаго, 1973-2006 _cУкладачі: Віра Боднарук, Володимир Білецький |
||
| 300 | _a140 с. | ||
| 955 | _a4 | ||
| 041 | _aukr | ||
| 080 | _a82 (477) | ||
| 260 |
_aДонецьк _bУкраїнський Культурологічний Центр _c2006 |
||
| 650 | 7 |
_a82 Література. Літературознавство _2UDC |
|
| 999 |
_c441276 _d441276 |
||